| 000 | 00686nam a2200241Ia 4500 | ||
|---|---|---|---|
| 003 | OSt | ||
| 005 | 20220928101744.0 | ||
| 006 | a|||||r|||| 00| 0 | ||
| 007 | ta | ||
| 008 | 220927b |||||||| |||| 00| 0 eng d | ||
| 020 | _c345 | ||
| 024 | _a69285 | ||
| 037 |
_b8517, 02/12/2011, Bookwell Publications _cTextual |
||
| 040 |
_aSDCL _cSDCL _beng |
||
| 041 |
_2eng _aeng |
||
| 082 | _an2,N, Q1 RR | ||
| 245 | 0 |
_aINDIA 2011 _b A reference annual. |
|
| 260 |
_aNew Delhi _bPublication Division _c2011 |
||
| 300 |
_a1233p. _ccm. |
||
| 650 | _aReference | ||
| 942 |
_hn2,N, Q1 RR _cTEXL _2CC |
||
| 999 |
_c710436 _d710436 |
||